Romance a Valparaíso

Uloženo v:
Podrobná bibliografie
Hlavní autor: Meza Sepúlveda, Juan (autor)
Médium: Kniha
Jazyk:španělština
Vydáno: Valparaíso Ferrand 1996
Témata:
Tagy: Přidat tag
Žádné tagy, Buďte první, kdo vytvoří štítek k tomuto záznamu!

MARC

LEADER 00000nam a2200000 a 4500
001 UCU2393
003 CL-VaPUC
008 960426e19960000CL |||||||||||||||||spa|d
082 0 4 |a Ch861  |b MEZ  |2 21 
100 |a Meza Sepúlveda, Juan  |e autor  |9 543028 
245 1 0 |a Romance a Valparaíso 
300 |a s. p 
942 |c BK 
945 |d 19960426 00:00:00  |a rleighto 
260 |a Valparaíso  |b Ferrand  |c 1996 
650 0 |a Poesías chilenas   |9 265280 
583 |a last modification  |c 19960426 00:00:00  |k Rodrigo Vera 
999 |c 246694  |d 246692 
952 |0 0  |1 0  |4 0  |6 CH_861_000000000000000_MEZ_1996  |7 0  |8 A  |9 261878  |a BIBEDU  |b BIBEDU  |d 2019-11-19  |i 3194981  |o Ch861 MEZ 1996  |p 3194981  |r 2019-11-19  |w 2019-11-19  |y BK  |k LIT